000 00748nam a2200241 a 4500
001 BRL_1147
005 20190320211045.0
008 151113s1963----mx-o######---#000-0#spa-#
041 _aspa
_heng
044 _amx
050 4 _aDS112
_b.K65 1963
100 1 _aKolko, Bernice
_925933
245 1 0 _aRostros de Israel
_cfotografías de Bernice Kolko ; texto de Antonio Castro Leal.
260 _aMéxico
_bDamas Pioneras de México
_c1963
300 _a126 p.
_bil.
_c28 cm.
500 _aAu1328
500 _aTexto en: español, inglés y hebreo
650 1 4 _aIsrael
_xVida social y costumbres
_925934
650 1 4 _aJudíos
_xVida social y costumbres
_925935
700 1 _aCastro Real, Antonio
_d1895-1981
_925936
902 _aGRL
942 _2lcc
_cB
999 _c9959
_d9959